banner-ar

العقد التمام : فيمن زوجه النبى عليه الصلاه والسلام / (Record no. 35960)

MARC details
000 -الفاتح
حقل البيانات ثابتة الطول 00761nam a2200205Ia 4500
008 - عناصر البيانات ثابتة الطول - معلومات عامة
حقل البيانات ثابتة الطول 140319s9999 xx 000 0 ara d
040 ## - مصدر الفهرسة
وكالة الفهرسة الأصلية GCL /
وكالة النسخ GCL
082 04 - رقم تصنيف ديوى العشرى
رقم التصنيف 212.5
رقم المادة ى ع
100 1# - المدخل الرئيسى - إسم شخصى
الإسم الشخصى ابواسماعيل هشام بن اسماعيل
245 10 - بيان العنوان
العنوان العقد التمام : فيمن زوجه النبى عليه الصلاه والسلام /
بيان المسئوليه,etc ابواسماعيل هشام بن اسماعيل
700 1# - المدخل الاضافى - اسم شخصى
الإسم الشخصى يوسف بن حسن عبدالهادى
700 1# - المدخل الاضافى - اسم شخصى
الإسم الشخصى ابى عبدالله محمود بن محمد
260 ## - PUBLICATION, DISTRIBUTION, ETC. (IMPRINT)
تاريخ النشر أو التوزيع 1985
300 ## - الوصف المادى
التعداد 39 ص
490 ## - بيان السلسلة
عنوان السلسلة
650 04 - المدخل الاضافى بالموضوع-مصطلح موضوعى
مصطلح موضوعي الزواج
650 04 - المدخل الاضافى بالموضوع-مصطلح موضوعى
مصطلح موضوعي الشريعة الاسلامية
942 ## - عناصر المدخل الإضافي( كوها)
مصدر التصنيف او مخطط الترفيف Dewey Decimal Classification
Koha [default] item type كتاب
260 ## - PUBLICATION, DISTRIBUTION, ETC. (IMPRINT)
-- [S.N] :
-- دار عالم الكتب للنشر والتوزيع ،
Holdings
حالة التراجع حالة الفقد حالة تلف ليس للاعارة المكان المؤقت الموقع الحالى تاريخ الاكتساب اجمالي اﻻعارات رقم الطلب الباركود تاريخ اخر مشاهدة تاريخ تفعيل السعر نوع وعاء كوها مصدر التصنيف او خطة الترفيف موقع الترفيف
        مكتبة القاهرة الكبرى مكتبة القاهرة الكبرى 03/26/2014   212.5\ى ع 87561 03/26/2014 03/26/2014 كتاب    
        مكتبة القاهرة الكبرى مكتبة القاهرة الكبرى 06/28/2018   212.5 \ى ع 164882 06/28/2018 06/28/2018 كتاب ddc القاعة الرئيسية

Powered By

EGPV